| 000 | 00918cam a2200301Ii 4500 | ||
|---|---|---|---|
| 001 | 102463 | ||
| 005 | 20230404125943.0 | ||
| 008 | 760506s1972 mx 000 0 spa d | ||
| 035 | _a(OCoLC)ocm02160444 | ||
| 040 |
_aVYL _cVYL _dOCL _dOCLCQ |
||
| 035 | _a(OCoLC)2160444 | ||
| 041 | 1 |
_aspa _hfre |
|
| 043 | _as-bl--- | ||
| 050 | 1 | 4 |
_a103 F 2508 _bB823 1972 |
| 245 | 0 | 0 |
_aBrasil hoy / _cCelso Furtado ... [et al.] ; traducción de Rosa Cusminsky de Cendrero ... [et al.] |
| 250 | _a3a ed. | ||
| 260 |
_aMexico : _bSiglo Veintiuno Editores, _c1972. |
||
| 300 |
_avii, 215 p. ; _c19 cm. |
||
| 490 | 0 | _aEl mundo del hombre : sociologia y politica | |
| 500 | _aTranslation of Le Bresil. | ||
| 651 | 0 |
_aBrazil _xPolitics and government |
|
| 651 | 0 |
_aBrazil _xCivilization |
|
| 700 | 1 | _aFurtado, Celso. | |
| 700 | 1 |
_aCusminsky de Cendrero, Rosa, _etrad. |
|
| 942 |
_2lcc _cbk |
||
| 946 | _aKK | ||
| 994 |
_aC0 _bDRFGD |
||
| 999 |
_c8011 _d8011 |
||